| 000 | 00531nam a22002057a 4500 | ||
|---|---|---|---|
| 003 | OSt | ||
| 005 | 20250910064134.0 | ||
| 008 | 250910b |||||||| |||| 00| 0 eng d | ||
| 020 | _a9781594527838 | ||
| 040 | _aSEKU | ||
| 050 |
_aBS 680 _b.W4 2023 |
||
| 100 | _aWelch, Tim | ||
| 245 |
_aAfricans and Africa in the bible/ _bAn ethnic and geographic approach |
||
| 260 |
_aIndia: _bOasis international ltd; _c2023. |
||
| 300 | _a178p.;, | ||
| 650 | _aBible | ||
| 650 | _aAfrica | ||
| 650 | _aAfrican Culture | ||
| 942 |
_2lcc _cGEN |
||
| 999 |
_c18622 _d18622 |
||